My first numbers (Record no. 25079)

MARC details
000 -LEADER
fixed length control field 00729nam a2200265 i 4500
001 - CONTROL NUMBER
control field C2-0104727
003 - CONTROL NUMBER IDENTIFIER
control field PPAK
005 - DATE AND TIME OF LATEST TRANSACTION
control field 20180727101157.0
008 - FIXED-LENGTH DATA ELEMENTS--GENERAL INFORMATION
fixed length control field 970605s1994 my a|||| ||||| | eng d
020 ## - INTERNATIONAL STANDARD BOOK NUMBER
International Standard Book Number 9676103799
040 ## - CATALOGING SOURCE
Original cataloging agency PPAK
Language of cataloging eng
Transcribing agency PPAK
Description conventions rda
082 04 - DEWEY DECIMAL CLASSIFICATION NUMBER
Classification number 513.2
Edition number 23
090 00 - LOCALLY ASSIGNED LC-TYPE CALL NUMBER (OCLC); LOCAL CALL NUMBER (RLIN)
Classification number (OCLC) (R) ; Classification number, CALL (RLIN) (NR) 513.2
Feature heading BAH
Feature heading K
100 0# - MAIN ENTRY--PERSONAL NAME
Personal name Baharin Idris,
Relator term author
245 10 - TITLE STATEMENT
Title My first numbers
264 #1 - PRODUCTION, PUBLICATION, DISTRIBUTION, MANUFACTURE, AND COPYRIGHT NOTICE
Place of production, publication, distribution, manufacture Kuala Lumpur :
Name of producer, publisher, distributor, manufacturer Utusan ,
Date of production, publication, distribution, manufacture, or copyright notice 1994
300 ## - PHYSICAL DESCRIPTION
Extent 22 pages :
Other physical details colour illustrations ;
Dimensions 26 cm
336 ## - CONTENT TYPE
Source rdacontent
Content type term text
337 ## - MEDIA TYPE
Source rdamedia
Media type term unmediated
338 ## - CARRIER TYPE
Source rdacarrier
Carrier type term volume
490 1# - SERIES STATEMENT
Series statement Siri prasekolah Utusan
500 ## - GENERAL NOTE
General note English language - Numeral S
830 #0 - SERIES ADDED ENTRY--UNIFORM TITLE
Uniform title Siri prasekolah Utusan
942 ## - ADDED ENTRY ELEMENTS (KOHA)
-- dc
Koha item type Book
Holdings
Withdrawn Not for loan Current library Shelving location Date acquired Full call number Barcode Date last seen Koha item type
    Perpustakaan Alor Setar Pinjaman Kanak-kanak 30/09/1997 K 513.2 BAH A00073789 08/05/2018 Book
    Perpustakaan Alor Setar Pinjaman Kanak-kanak 30/09/1997 K 513.2 BAH A00073791 20/05/2019 Book
    PD17, Kg. Binjul, Kuala Ketil Pinjaman Kanak-kanak 14/10/1999 K 513.2 BAH A00296650 08/05/2018 Book
    PD20, Felda Lubuk Merbau, Pendang Pinjaman Kanak-kanak 14/10/1999 K 513.2 BAH A00296653 08/05/2018 Book